000 00731caa a2200205 4500
999 _c458473
_d458473
001 5149304
003 UA-OsUOA
005 20200310151421.0
008 200310b un ||||| |||| 00| 0 ukr d
040 _aUA-OsUOA
_bukr
_cUA-OsUOA
_dUA-OsUOA
041 _aukr
080 _a908
090 _a908
100 _aБойцар-Артеменко О.
245 _aПерспективи реставрації міських фортифікації міста Острог
_cО. Бойцар-Артеменко
300 _aС. 355–370
650 _2UDC
773 0 _0399317
_9416565
_dОстрог НаУОА 2013
_o148880
_tОстрозький краєзнавчий збірник
_w(UA-OsUOA) 113460
942 _2udc
_cBKA